LEADER 01396nam 2200349 n 450 001 996388769903316 005 20200824120612.0 035 $a(CKB)1000000000635523 035 $a(EEBO)2240926529 035 $a(UnM)99832251e 035 $a(UnM)99832251 035 $a(EXLCZ)991000000000635523 100 $a19951116d1690 uy | 101 0 $aeng 135 $aurbn||||a|bb| 200 14$aThe royal wanton$b[electronic resource] $econtaining the Gallick intriegues [sic], with Lycogenes (late King of Albion) his expedition for Hibernia: being the second volume of the Amours of Messalina, with Polydorus, K. of the Goths. Compleating the whole history. By a woman of quality, a late confidant of Queen Messalina 210 $aLondon $cprinted for F.B. and are to be sold by the booksellers of London and Westminster$d1690 215 $a[4], 84 p 300 $aThe fifth in a series of five satires on Mary of Modena, consort of James II. 300 $aSometimes attributed to Gregorio Leti. 300 $aReproduction of the original in the British Library. 330 $aeebo-0018 700 $aWoman of quality$ffl. 1689-1690.$01008787 702 $aLeti$b Gregorio$f1630-1701, 801 0$bCu-RivES 801 1$bCu-RivES 801 2$bCStRLIN 801 2$bWaOLN 906 $aBOOK 912 $a996388769903316 996 $aThe royal wanton$92361390 997 $aUNISA LEADER 02492oam 2200637I 450 001 9910779909803321 005 20230421041407.0 010 $a0-429-17297-4 010 $a1-4822-6310-6 010 $a1-280-40559-7 010 $a9786610405596 010 $a0-203-48301-4 024 7 $a10.1201/b16830 035 $a(CKB)111056486519504 035 $a(EBL)169870 035 $a(OCoLC)560361458 035 $a(SSID)ssj0000138906 035 $a(PQKBManifestationID)11146763 035 $a(PQKBTitleCode)TC0000138906 035 $a(PQKBWorkID)10104854 035 $a(PQKB)10142501 035 $a(MiAaPQ)EBC169870 035 $a(Au-PeEL)EBL169870 035 $a(CaPaEBR)ebr10056141 035 $a(CaONFJC)MIL40559 035 $a(OCoLC)51029021 035 $a(OCoLC)1000426374 035 $a(EXLCZ)99111056486519504 100 $a20180331d1997 uy 0 101 0 $aeng 135 $aurcn||||||||| 181 $ctxt 182 $cc 183 $acr 200 00$aDifferentially expressed genes in plants $ea bench manual /$fedited by E. Hansen and G. Harper 210 1$aLondon ;$aBristol, Pa. :$cTaylor & Francis,$d1997. 215 $a1 online resource (152 p.) 300 $aDescription based upon print version of record. 311 $a0-7484-0421-X 320 $aIncludes bibliographical references and index. 327 $aBook Cover; Title; Contents; Contributors page; Preface; Abbreviations; Differential Screening; Subtractive cDNA Cloning; Differential Display of mRNA; The Yeast Two-Hybrid System; T-DNA Mediated Gene Tagging in Arabidopsis; Two-Dimensional Polyacrylamide Gel Electrophoresis-Based Analysis for the Identification of Proteins and Corresponding Genes; Analysis of Isolated Genes; Index 330 $aThe analysis of changes in gene activity in tissues and cells of plants is a way of measuring developmental and environmental responses. This volume provides detailed accounts of new and established techniques used to carry out such analyses. 606 $aPlant gene expression 606 $aPlant molecular genetics 615 0$aPlant gene expression. 615 0$aPlant molecular genetics. 676 $a572.8/652 701 $aHansen$b E$g(Ekkehard)$01526659 701 $aHarper$b G$g(Glyn)$01146972 801 0$bMiAaPQ 801 1$bMiAaPQ 801 2$bMiAaPQ 906 $aBOOK 912 $a9910779909803321 996 $aDifferentially expressed genes in plants$93768846 997 $aUNINA